| 000 | 00383nam a22001697a 4500 | ||
|---|---|---|---|
| 005 | 20260408103604.0 | ||
| 008 | 160627b xxu||||| |||| 00| 0 eng d | ||
| 020 | _a81-7167-404-6 | ||
| 041 | _aeng | ||
| 082 | _a891.72 | ||
| 100 |
_a Chekhov, Anton _98936 |
||
| 245 | _aPlays | ||
| 260 |
_bRupa Clasics _c1999 |
||
| 300 | _a296 | ||
| 650 |
_aSlavic literatures _98937 |
||
| 942 | _cBK | ||
| 999 |
_c4296 _d4295 |
||